| 000 | 00450nam a2200181Ia 4500 | ||
|---|---|---|---|
| 001 | 19945 | ||
| 005 | 20260306172730.0 | ||
| 008 | 260306t2005||||xx |||||||||||||| ||spa|| | ||
| 041 | _aESP | ||
| 082 |
_a341.6 _bR24 |
||
| 100 |
_aRamos Núñez, Carlos _eAUT |
||
| 245 | 0 |
_aCodificación, tecnología y postmodernidad: _bla muerte de un paradigma |
|
| 260 | _c2005 | ||
| 300 |
_a _c |
||
| 650 | _aGEN | ||
| 654 | _aCDE | ||
| 942 |
_cLIB _dJUS _fJUS _2ddc _n |
||
| 999 |
_c19945 _d19945 |
||